=LDR 00000nam 2200000 4500 =001 INLIS000000000039923 =005 20140722123208.0 =006 =007 =008 ind =035 ##$$a 0010-061300000039923 =041 ##$$a ind =082 ##$$a 643.3 =090 ##$$a 643.3, Hav d.1 =100 ##$$a HAVIER, Maugina Rizki =245 ##$$a 25 Desain kechen set minimalis yang paling populer, Sesuai warna dan bentuk, Maugina rizki navier;Editor,m.Abdul latief =260 ##$$a 2011 $b Jakarta =300 ##$$a 147 Hlm, ilus, 23 cm =650 ##$$a DAPUR DAN PERLENGKAPANNYA =700 ##$$a LATIEF, M. Abdul =850 ##$$a NBPNMAT